000 00691nam a22002177a 4500
003 UA-OsUOA
001 80925
007 ta
008 20111228b un ||||| |||| 00| 0 ukr d
100 _aРізак М.
090 _a34
_bР57
942 _cSA
040 _aUA-OsUOA
_bukr
_cUA-OsUOA
_dUA-OsUOA
245 _aПроблеми забезпечення захисту прав і свобод людини при впровадженні Єдиногореєстру фізичних осіб України
300 _aС.17-20
955 _a0
041 _aukr
080 _a34
773 0 _w80919
_tВіче
_dК.
_d2011
_g24
650 7 _a34 Право. Юриспруденція
_2UDC
999 _c367230
_d367230